| 000 | 00970nam a22002897a 4500 | ||
|---|---|---|---|
| 003 | CHAP | ||
| 005 | 20220329141811.0 | ||
| 008 | 971013s r 00010 d | ||
| 010 | _a74052 | ||
| 011 | _a75024 | ||
| 035 | _a84584 | ||
| 040 | _cCHAP | ||
| 082 |
_a633.1 _bH3 |
||
| 100 | 0 | 0 |
_aHarris, Kenton L. _952867 |
| 245 | _aPostharvest gain loss assesment methods; a manual of methods for the evaluation of pstharvest losses | ||
| 260 |
_a(s.l.) : _bAmerican Association of Cereal Chemists, _c(s.a.) |
||
| 300 |
_a193 p. _b: ilus. ; gráfs |
||
| 590 |
_aBATCH-UPD _b10 _c20130110 _lUCH01 _h1200 |
||
| 590 |
_aBATCH-UPD _b10 _c20130410 _lUCH01 _h0743 |
||
| 590 |
_aBATCH-UPD _b10 _c20130914 _lUCH01 _h0914 |
||
| 590 |
_aCONVERSION _b10 _c20130109 _lUCH01 _h1340 |
||
| 650 | 1 | 4 |
_aCereales _xAlmacenamiento. _921373 |
| 650 | 1 | 4 |
_aCosechas _xPérdidas de. _928443 |
| 901 | _aBK | ||
| 942 | _cLIBRO | ||
| 949 |
_a633.1 H3 _bBC _cLIBRO _d33724000189973 _eLIBRO _h48676 _i84584 _mD _si |
||
| 999 |
_c74052 _d74052 |
||